01139nmc a2200361 a 4500003000900000005001700009008004100026020001800067040001300085100001800098245008000116260002500196300002100221490004200242500003500284500004200319504004400361504004300405650002800448650001600476650002200492650002300514650002300537650002200560650002900582650002800611650002400639650002700663650002500690650001600715653002200731653002400753AR-BaBNM20251128204337.0011101s1989 ||||||||||||||000 | spa|| a84-7046-154-0 cAR-BaBNM1 aCohen, Rachel10aAprendizaje precoz de la lecturab¿ a los 6 años es ya demasiado tarde ? aMadridbCincelc1989 a204 p.bgráfs. 0aTemas de educación preescolarvv. 2 aPrólogo de Gastón Mialaret aTraducción de Concha Jacob Castillo aBibliografía en castellano p. 191-192 aBibliografía en francés p. 193-204 4aENSENANZA DE LA LECTURA 4aAPRENDIZAJE 4aLENGUAJE DEL NINO 4aPAPEL DEL LENGUAJE 4aPROCESO DE LECTURA 4aHABITO DE LECTURA 4aINICIACION EN LA LECTURA 4aMADUREZ PARA LA LECTURA 4aDESARROLLO DEL NINO 4aDESARROLLO INTELECTUAL 4aTRASTORNOS DEL HABLA 4aCREATIVIDAD aEDUCACION INICIAL aDISCAPACIDAD MOTORA